000 00306nam a22001217a 4500
008 181030b xxu||||| |||| 00| 0 eng d
041 _aeng
080 _a159.9
100 _a48
101 _aPSI
245 _aAttitude Change A Critical Analysis of Theoretical Approaches
_cKiesler,Ch.A
942 _2udc
_cBK
999 _c51091
_d51091